| 000 | 00677nam a2200229Ia 4500 | ||
|---|---|---|---|
| 001 | 2414 | ||
| 003 | GE_BSU | ||
| 008 | 181216s||||||||xx |||||||||||||| ||und|| | ||
| 020 | _a9789994064366 | ||
| 040 | _cGE_BSU | ||
| 080 | _a316+32 | ||
| 100 | _aსმითი,დ ენტონი | ||
| 245 | _aნაციონალური იდენტობა | ||
| 245 | _cთარგ. ლელა პატარიძემ. | ||
| 260 | _aთბილისი | ||
| 260 | _bლოგოს პრესი | ||
| 260 | _c2008 | ||
| 300 | _a278 გვ. | ||
| 541 | _h8 ლ. | ||
| 653 | _aნაციონალური იდენტობა | ||
| 942 | _cBK | ||
| 999 |
_c36496 _d36496 |
||